| 000 | 00645nam a22002057a 4500 | ||
|---|---|---|---|
| 999 |
_c14513 _d14513 |
||
| 003 | AR-CdUCM | ||
| 008 | 190423b ||||| |||| 00| 0 spa d | ||
| 020 | _a978-84-9825-864-6 | ||
| 040 |
_aMUNICIPALIDAD PROVINCIAL DEL CUSCO _cBIBLIOTECA MUNICIPAL DEL CUSCO |
||
| 082 |
_aPI / 376.1 / _bC29 |
||
| 110 |
_aCaterpilar books _933308 |
||
| 245 | _aEl pollito sale a pasear / | ||
| 260 |
_aLondon : _bCombel, _c2013. |
||
| 300 |
_a8 paginas ; _bIlustraciones en tela, _c23 cm. |
||
| 500 | _aNota : Objeto libro | ||
| 650 |
_acuento de Granja _933309 |
||
| 650 |
_aHistoria de pollitos _933310 |
||
| 942 |
_2ddc _cLIBROS |
||
| 945 |
_awnts _d2019-04-23 |
||